Statistics for My top 25

Click here to take the quiz!

General Stats

  • This quiz has been taken 6 times
  • The average score is 12 of 25

Answer Stats

NumberPlayer% Correct
1Lebron James
100%
17Stephen Curry
100%
10Kobe Bryant
83%
2Michael Jordan
83%
24Charles Barkley
67%
13Kevin Durant
67%
7Larry Bird
67%
12Tim Duncan
67%
23Allen Iverson
50%
6Bill Russell
50%
4Magic Johnson
50%
8Shaq Oneal
50%
5Wilt Chamberlain
50%
16David Robinson
33%
11Hakeem Olajuwon
33%
18Jerry West
33%
14Karl Malone
33%
15Moses Malone
33%
19Dirk Nowitzki
17%
22Dwayne Wade
17%
21Giannis Antetokounmpo
17%
3Kareem Abdul Jabar
17%
25Kevin Garnett
17%
9Oscar Robertson
17%
20Scottie Pippen
17%

Score Distribution

Percentile by Number Answered

Percent of People with Each Score

Your Score History

You have not taken this quiz